| LEADER | 01118nam a2200289 u 4500 | ||
|---|---|---|---|
| 001 | 10016706 | ||
| 003 | upatras | ||
| 005 | 20210320205148.0 | ||
| 008 | 881025s1996 eng | ||
| 020 | |a 0948737255 | ||
| 040 | |a GR-PaULI |c GR-PaULI | ||
| 041 | 0 | |a eng | |
| 082 | 0 | 4 | |a 579.8 |
| 100 | 1 | |a Canter-Lund, Hilda |9 138181 | |
| 245 | 1 | 0 | |a Freshwater algae |b their microscopic world explored |c Hilda Canter-Lund and John W.G. Lund |
| 260 | |a Bristol |b Biopress |c 1996 | ||
| 300 | |a 360 p. |b phot., ill. |c 30 cm | ||
| 505 | 1 | |a Includes glossary and indexes | |
| 650 | 4 | |a Φύκια |9 29183 | |
| 700 | 1 | |a Lund, John W.G. |9 138182 | |
| 852 | |a GR-PaULI |b ΠΑΤΡΑ |t 1 | ||
| 852 | |a GR-PaULI |b ΠΑΤΡΑ |b ΒΚΠ |b ΒΣ1 |k ΑΣΧΞ |h 579.8 CAN |m 34530 |p 025000098756 |t 1 | ||
| 942 | |2 ddc | ||
| 952 | |0 0 |1 0 |4 0 |7 0 |9 165842 |d 2016-04-24 |l 0 |r 2016-04-24 00:00:00 |t 1 |w 2016-04-24 | ||
| 952 | |0 0 |1 0 |4 0 |6 579_800000000000000_CAN |7 0 |9 165843 |a LISP |b LISP |c BSC |d 2016-04-24 |i 34530 |l 5 |m 2 |o 579.8 CAN |p 025000098756 |r 2021-10-07 00:00:00 |s 2021-09-07 |t 1 |w 2016-04-24 |y BK15 | ||
| 998 | |c ΟΡΦΑΝΟΥ-ΡΑΥΤΟΠΟΥΛΟΥ |d 2010 | ||
| 999 | |c 103903 |d 103903 | ||